Homophobia : a history /

Gespeichert in:
Bibliographische Detailangaben
1. Verfasser: Fone, Byrne (Verfasst von)
Format: Buch
Sprache:Englisch
Veröffentlicht: New York : Metropolitan Books, c2000
Tags: Tag hinzufügen
Keine Tags, Fügen Sie das erste Tag hinzu!

MARC

LEADER 00000nam a22000007i 4500
001 IT\ICCU\UBO\2481256
003 ItRI
005 20260115231822.0
008 040629s2000 xxu|||||| ||||| |||||c
020 |a 0805045597 
040 |b ita  |c importazione bologna sebina 
041 7 |a eng  |2 ISO-639-2 
100 1 |a Fone, Byrne  |0 IT\ICCU\UBOV\890255  |4 aut 
245 1 0 |a Homophobia :  |b a history /  |c Byrne Fone. 
260 |a New York :  |b Metropolitan Books,  |c c2000 
300 |a XI, 480 p. :  |b ill. ;  |c 24 cm. 
942 |2 ddc  |c BK  |n 0 
952 |0 0  |1 0  |4 0  |6 DOC_306_766000000000000_FON  |7 0  |9 13481  |a BO  |b BO  |d 2026-01-15  |i 8171  |l 0  |o DOC 306.766 FON  |p BO8171  |r 2026-01-15 23:18:22  |w 2026-01-15  |x [Sebina 5] [1 v.]  |y BK  |z 1 v. 
999 |c 11585  |d 11585